Microwave measurement by comparison methods = Mikrovlnné meranie porovnávacími metódami : Habil.práca : Obh. 12.07.1991 /

Gespeichert in:
Bibliographische Detailangaben
1. Verfasser: Kneppo, Ivan (Verfasst von)
Format: Manuskript Buch
Veröffentlicht: Amsterdam : Elsevier, 1988
Tags: Tag hinzufügen
Keine Tags, Fügen Sie das erste Tag hinzu!

MARC

LEADER 00000ntm a22000003a 4500
001 stu7268
005 20150617225809.3
008 ------s1988----------------------------d
040 |a STU  |b slo 
041 0
100 1 |a Kneppo, Ivan  |4 aut 
245 1 |a Microwave measurement by comparison methods = Mikrovlnné meranie porovnávacími metódami :  |b Habil.práca : Obh. 12.07.1991 /  |c [aut.] Kneppo,Ivan, Ing. CSc 
260 |a Amsterdam :  |b Elsevier,  |c 1988 
300 |a 286 s :  |b príl. komentár 
996 |b 284ED00973  |c E*HABIL-95  |l EE01  |s A  |a 24  |w stu7268_0001